Los números de la diferencia: estadísticas de género

Gespeichert in:
Bibliographische Detailangaben
Körperschaft: SERNAM (VerfasserIn)
Format: Buch
Sprache:Spanisch
Veröffentlicht: Santiago Sernam 2000
Schlagworte:
Tags: Tag hinzufügen
Keine Tags, Fügen Sie den ersten Tag hinzu!

MARC

LEADER 00000nam a2200000 a 4500
001 UCM7836
003 CL-VaPUC
008 030110e20000000CL |||||||||||||||||spa|d
082 0 4 |a 304.5  |b SER  |2 21 
110 2 |a SERNAM  |e author  |9 473482 
245 1 4 |a Los números de la diferencia: estadísticas de género 
300 |a pág. irreg 
942 |c BK 
945 |d 20030110 00:00:00  |a cmena 
260 |a Santiago  |b Sernam  |c 2000 
650 0 |a Mujeres  |9 257649 
650 0 |a Demografía   |9 260008 
650 0 |a Familias   |9 255641 
650 7 |a EDUCACION DE LA MUJER  |2 CL-VaPUC  |9 307884 
650 0 |a Mujeres trabajadoras  |9 259236 
650 0 |a Pobreza  |9 258652 
650 0 |a Salud  |9 258663 
650 0 |a Violencia intrafamiliar  |9 312986 
651 7 |a CHILE  |2 CL-VaPUC  |9 473483 
583 |a last modification  |c 20170911 01:13:15  |k Rodrigo Vera 
999 |c 302496  |d 302494 
952 |0 0  |1 0  |4 0  |6 304_500000000000000_SER_2000  |7 0  |8 A  |9 363114  |a BIBGIM  |b BIBGIM  |d 2019-11-21  |i 3866521  |o 304.5 SER 2000  |p 3866521  |r 2025-01-15  |w 2019-11-21  |y BK  |k GIM